000 00798nam a2200229 a 4500
001 000044634
005 20240412074303.0
008 141210s2014 dr r 000 p spa d
020 _a9789945475968
040 _aDO-SdBNP
_bspa
_cBNPHU
082 _aRD861.4
_bM843p
100 1 _aMoreno Jimenes, Domingo,
_d1894-1986
_919534
245 1 3 _aEl poema de la hija reintegrada /
_cDomingo Moreno Jimenes.
260 _aSanto Domingo :
_bFerilibro,
_c2014.
300 _a34 p. ;
_c20 cm.
500 _aIncluye datos biográficos del autor en las solapas
590 _aInventariado, 2018/BT
650 0 _aPoesía dominicana
_966
650 0 _aLiteratura dominicana.
_967
710 1 _aRepública Dominicana. Dirección General de la Feria del Libro
_972654
910 _aValidado. Control de calidad MFF
999 _c44123
_d44123